MARC

LEADER 00000nam0a2200000 4500
001 362896
005 20231102011532.0
035 |a (RuTPU)RU\TPU\retro\20242 
035 |a RU\TPU\retro\20241 
090 |a 362896 
100 |a 20210830d1939 k y0rusy50 ca 
101 0 |a rus 
102 |a RU 
105 |a a z 001zy 
200 1 |a Третичные отложения Утхолокского района Западной Камчатки  |f И. Б. Плешаков  |g Нефтяной геологоразведочный институт 
210 |a Москва  |a Ленинград  |c Главная редакция горно-топливной и геолого-разведочной литературы  |d 1939 
215 |a 39 с.  |c ил.  |e 4 вкл. 
225 1 |a Труды нефтяного геолого-разведочного института 
225 1 |a Серия А  |v Вып. 123 
320 |9 572  |a Библиогр.: с. 37-38 
606 1 |a Геологические исследования  |2 stltpush  |3 (RuTPU)RU\TPU\subj\6042  |9 34006 
610 1 |a Западная Камчатка 
610 1 |a стратиграфия 
610 1 |a меловые отложения 
610 1 |a третичные отложения 
610 1 |a палеоген 
610 1 |a неоген 
610 1 |a четвертичные отложения 
610 1 |a тектоника 
610 1 |a альпийская складчатость 
675 |a 55  |v 4 
700 1 |a Плешаков  |b И. Б. 
712 0 2 |a Нефтяной геологоразведочный институт  |c (Ленинград)  |c (1929-1945)  |2 stltpush  |3 (RuTPU)RU\TPU\col\23516  |9 28332 
801 1 |a RU  |b 63413507  |c 20210820 
801 2 |a RU  |b 63413507  |c 20210830  |g RCR 
942 |c BK